[Event "Moscow Aeroflot op-A"]
[Site "Moscow"]
[Date "2003.02.14"]
[Round "4"]
[White "Grischuk, Alexander"]
[Black "Jakovenko, Dmitrij"]
[Result "1/2-1/2"]
[WhiteElo "2712"]
[BlackElo "2561"]
[Annotator "Rogozenco,D"]
[PlyCount "194"]
[EventDate "2003.02.10"]
[EventType "swiss"]
[EventRounds "9"]
[EventCountry "RUS"]
[SourceTitle "CBM 094"]
[Source "ChessBase"]
[SourceDate "2003.05.26"]
[SourceVersion "1"]
[SourceVersionDate "2003.05.26"]
[SourceQuality "1"]

1. e4 c5 2. Nf3 Nc6 3. d4 cxd4 4. Nxd4 Nf6 5. Nc3 e5 6. Ndb5 d6 7. Bg5 a6 8.
Na3 b5 9. Bxf6 gxf6 10. Nd5 Bg7 11. Bd3 Ne7 12. Nxe7 Qxe7 13. O-O O-O 14. c4 f5
15. Qf3 bxc4 16. Nxc4 d5 17. exd5 e4 18. Qe3 Bb7 19. d6 Qf6 20. Bc2 f4 21. Qh3
Rac8 22. b3 Qg6 (22... Qg5 {bites the dust for the moment in view of 23.d7!,
Anand-Kasimdzhanov, Hyderabad 2002.}) 23. Rad1 (23. d7 Rc5 24. Rad1 {is a
transposition to the game.}) 23... Rc5 $146 (23... f5 24. d7 Rcd8 25. Rd6 Rf6
26. Rfd1 Qg5 27. b4 f3 28. Bb3 Kf8 29. Ne3 {1-0 Senff,M-Halkias,S/Yerevan 2000.
}) 24. d7 $1 (24. f3 $6 Rh5 25. Qd7 Bc8 26. Qa7 Qh6 $5 (26... Bh3 27. Rf2 Rg5
28. Rdd2 Bc3 29. Bxe4 Qg7 {also shows Black's potential.}) 27. d7 Rxh2 28. d8=Q
(28. dxc8=Q Rxc8 29. Qb7 Re8 30. Nd6 (30. Bxe4 $2 Qh4 $19) 30... Rh1+ 31. Kf2
Qh4+ 32. Ke2 exf3+ 33. Kd2 (33. Kd3 Qf6 $19) 33... Re2+ (33... Qf6 34. Nxe8
Qc3+ 35. Kc1 Qb2+ 36. Kd2 $11) 34. Kc1 Rxf1 35. Qxf7+ Kh8 36. Rxf1 fxg2 37. Rd1
Re1 $17) 28... e3 29. Nxe3 fxe3 {and in spite of having two queens on the
board, White must look for a way to escape.}) 24... Rh5 25. Qf3 $5 {An amazing
move, which requires quite an imagination!} (25. Qxh5 Qxh5 26. d8=Q Rxd8 27.
Rxd8+ Bf8 {is rather dangerous for White - the queen supported by central
pawns and bishop on the long diagonal can create dangerous threats against the
king.}) 25... exf3 26. Bxg6 hxg6 27. d8=Q fxg2 28. Rfe1 {Keeping the queen on
the board probably wasn't White's intention in this game. Still, not easy for
Black to find a way if White runs away with his strongest piece:} (28. Qc7
gxf1=Q+ 29. Kxf1 Bf3 (29... Bc8 30. Qxf4 {or 30.Rd8} Bh3+ 31. Ke2 Re8+ 32. Ne3)
30. Rd3 $8 Be4 31. Rd8 Rxh2 (31... Rxd8 32. Qxd8+ Kh7 33. Qc7 f3 34. Qxf7 Rxh2
35. Ke1 $16) 32. Rxf8+ Bxf8 33. Qxf4 {There is a lot of play ahead, but
White's chances are preferable.}) 28... Rxd8 29. Rxd8+ Kh7 30. Re7 Bd5 31. Rc7
{Again White goes for the safest way - he returns the exchange and destroys
Black's advanced pawns. On the other hand Black is not in danger of losing
after it as well.} (31. Red7 {This is better, attacking the bishop that cannot
be both on the long diagonal and protect pawn f7 at the same time.} Be6 32. Ra7
f3 (32... Bd5 33. Nb6 $1 Bf3 34. Rd3 (34. Rxf7 $4 Re5 $19) 34... Be4 35. Rdd7)
33. Rd3 $1 Bd5 34. Rxa6 Be4 35. Re3 {and although Black kept his strong
kingside pawns, White defends against immediate threats and can start pushing
his own pawns, or give back the exchange later, in return for pawns f3 and g2.}
) 31... f3 32. Rxd5 Rxd5 33. Ne3 Rd2 ({Black cannot keep his kingside pawns:} 
33... Rd6 $2 34. Rxf7 Rf6 $2 35. Rxf6 Bxf6 36. Ng4 Bd4 37. h3 {[%cal Gg4h2]
and Black loses both pawns on f3 and g2.}) 34. Rxf7 Rxa2 35. Rxf3 a5 36. Kxg2
a4 37. bxa4 Rxa4 {The endgame is drawish. White's attempts to convert the
extra pawn are not successful.} 38. Rf7 Kg8 39. Rb7 Rf4 40. h3 Rf7 41. Rb4 Bc3
42. Re4 Kg7 43. Kg3 Ra7 44. Nd5 Bb2 45. Re6 Kf7 46. Rc6 Ra5 47. Ne3 Ra7 48. Nc4
Bd4 49. Nd6+ Kg7 50. Ne4 Re7 51. Ng5 Bf6 52. Nf3 Ra7 53. Kg2 Rd7 54. Nh2 Ra7
55. Ng4 Bd4 56. Rd6 Bb2 57. Kg3 Ra3+ 58. f3 Ra7 59. f4 Rf7 60. h4 Bc1 61. Rd4
Rf5 62. Rc4 Bd2 63. Nh2 g5 64. fxg5 Bxg5 65. hxg5 Rxg5+ 66. Kf4 Rg1 67. Kf5 Kf7
68. Rc7+ Ke8 69. Nf3 Rf1 70. Ke6 Kd8 71. Rd7+ Kc8 72. Ne5 Re1 73. Rh7 Kd8 74.
Rh3 Re2 75. Rc3 Re1 76. Rc2 Re4 77. Rc5 Re1 78. Rc4 Re2 79. Rc3 Re1 80. Kd6
Rd1+ 81. Nd3 Rd2 82. Rb3 Ke8 83. Ke6 Re2+ 84. Kf6 Kd8 85. Nf4 Rf2 86. Ke5 Rf1
87. Rd3+ Ke8 88. Rd4 Re1+ 89. Kf5 Rf1 90. Kf6 Rf3 91. Ke6 Re3+ 92. Kd6 Re1 93.
Ne6 Kf7 94. Rf4+ Kg6 95. Ke7 Ra1 96. Rf6+ Kh5 97. Nc5 Re1+ 1/2-1/2

[Event "Internet Section 15-B"]
[Site "Dos Hermanas"]
[Date "2003.03.15"]
[Round "2"]
[White "Grischuk, Alexander"]
[Black "Flores Honores, Patricio Antonio"]
[Result "1-0"]
[WhiteElo "2712"]
[BlackElo "2211"]
[PlyCount "69"]
[EventDate "2003.03.15"]
[EventType "swiss (blitz)"]
[EventRounds "9"]
[EventCountry "ESP"]
[SourceTitle "EXT 2004"]
[Source "ChessBase"]
[SourceDate "2003.11.25"]
[SourceVersion "1"]
[SourceVersionDate "2003.11.25"]
[SourceQuality "1"]

1. e4 c5 2. Nf3 d6 3. d4 cxd4 4. Nxd4 Nf6 5. Nc3 e6 6. g4 h6 7. Be3 a6 8. Bg2
Nc6 9. h3 Bd7 10. f4 Nxd4 11. Qxd4 Bc6 12. O-O-O Qc7 13. Rhe1 Be7 14. Kb1 b5
15. Bh1 Qb7 16. e5 dxe5 17. Bxc6+ Qxc6 18. fxe5 Rd8 19. Qa7 Nd5 20. Nxd5 exd5
21. Rd3 Rd7 22. Qb6 Qxb6 23. Bxb6 O-O 24. Red1 Bd8 25. Bc5 Re8 26. Rxd5 Rxd5
27. Rxd5 Bc7 28. Bd6 Bxd6 29. Rxd6 Rxe5 30. b4 Re3 31. Rxa6 Rxh3 32. a4 bxa4
33. b5 Rc3 34. Rc6 Re3 35. b6 1-0

[Event "Internet Section 15-B"]
[Site "Dos Hermanas"]
[Date "2003.03.15"]
[Round "3"]
[White "Muhammad, Stephen A"]
[Black "Grischuk, Alexander"]
[Result "0-1"]
[WhiteElo "2368"]
[BlackElo "2712"]
[PlyCount "64"]
[EventDate "2003.03.15"]
[EventType "swiss (blitz)"]
[EventRounds "9"]
[EventCountry "ESP"]
[SourceTitle "EXT 2004"]
[Source "ChessBase"]
[SourceDate "2003.11.25"]
[SourceVersion "1"]
[SourceVersionDate "2003.11.25"]
[SourceQuality "1"]

1. d4 d5 2. Nf3 Nf6 3. c4 c6 4. Nc3 dxc4 5. a4 Bf5 6. Ne5 Nbd7 7. Nxc4 Nb6 8.
Ne5 a5 9. f3 Nfd7 10. e4 Nxe5 11. exf5 Nec4 12. Be2 g6 13. b3 Nd6 14. fxg6 hxg6
15. Bf4 Bg7 16. Rc1 Nf5 17. d5 Bxc3+ 18. Rxc3 Nxd5 19. Rd3 Qb6 20. Be5 Nde3 21.
Qc1 Nxg2+ 22. Kf1 Nge3+ 23. Ke1 O-O 24. h4 f6 25. Bc3 Rfd8 26. h5 g5 27. h6
Ng2+ 28. Kf1 Nf4 29. h7+ Kh8 30. Rxd8+ Rxd8 31. Rg1 Qxg1+ 32. Kxg1 Nxe2+ 0-1

[Event "Internet Section 15-B"]
[Site "Dos Hermanas"]
[Date "2003.03.15"]
[Round "4"]
[White "Grischuk, Alexander"]
[Black "Moldobaev, Emelbek"]
[Result "1-0"]
[WhiteElo "2712"]
[BlackElo "2404"]
[PlyCount "91"]
[EventDate "2003.03.15"]
[EventType "swiss (blitz)"]
[EventRounds "9"]
[EventCountry "ESP"]
[SourceTitle "EXT 2004"]
[Source "ChessBase"]
[SourceDate "2003.11.25"]
[SourceVersion "1"]
[SourceVersionDate "2003.11.25"]
[SourceQuality "1"]

1. e4 e5 2. Nf3 Nc6 3. Bb5 a6 4. Ba4 Nf6 5. O-O Be7 6. Re1 b5 7. Bb3 d6 8. c3
O-O 9. h3 Nb8 10. d4 Nbd7 11. Nbd2 Bb7 12. Bc2 Re8 13. Nf1 Bf8 14. Ng3 g6 15.
b3 c5 16. d5 Nb6 17. Bg5 Bg7 18. Qd2 Qc7 19. Nh2 Bc8 20. Rf1 Nbd7 21. a4 Rb8
22. Kh1 b4 23. c4 Nf8 24. f3 h5 25. Ne2 N6h7 26. Be3 Qd8 27. Rad1 Bf6 28. f4
exf4 29. Bxf4 Be5 30. Nf3 Bxf4 31. Nxf4 Nd7 32. Rde1 Qf6 33. e5 dxe5 34. Nxh5
Qh8 35. Ng3 f5 36. Bxf5 gxf5 37. Nxf5 Qf6 38. Nxe5 Rxe5 39. Nh6+ Kg7 40. Rxf6
Nhxf6 41. Rxe5 Nxe5 42. Qf4 Nfd7 43. Nf5+ Kf6 44. Nd4+ Kg6 45. Nc6 Nxc6 46.
dxc6 1-0

[Event "Internet Section 15-B"]
[Site "Dos Hermanas"]
[Date "2003.03.15"]
[Round "5"]
[White "Soppe, Guillermo"]
[Black "Grischuk, Alexander"]
[Result "1/2-1/2"]
[WhiteElo "2478"]
[BlackElo "2712"]
[PlyCount "59"]
[EventDate "2003.03.15"]
[EventType "swiss (blitz)"]
[EventRounds "9"]
[EventCountry "ESP"]
[SourceTitle "EXT 2004"]
[Source "ChessBase"]
[SourceDate "2003.11.25"]
[SourceVersion "1"]
[SourceVersionDate "2003.11.25"]
[SourceQuality "1"]

1. d4 d5 2. c4 c6 3. Nc3 Nf6 4. e3 a6 5. Bd3 dxc4 6. Bxc4 e6 7. Nf3 b5 8. Be2
c5 9. O-O Bb7 10. dxc5 Bxc5 11. Qxd8+ Kxd8 12. Bd2 Nbd7 13. a4 b4 14. Na2 a5
15. Nc1 Ke7 16. Nb3 Bb6 17. Rfd1 e5 18. Be1 Rhc8 19. Rac1 Bc6 20. Bb5 Bxb5 21.
axb5 Rxc1 22. Rxc1 Ne4 23. Ra1 Ke6 24. Bxb4 a4 25. Nbd2 Bc5 26. Bxc5 Nexc5 27.
Ng5+ Ke7 28. Nge4 Rb8 29. Nc3 Nb6 30. Kf1 1/2-1/2

[Event "Internet Section 15-B"]
[Site "Dos Hermanas"]
[Date "2003.03.15"]
[Round "6"]
[White "Grischuk, Alexander"]
[Black "Paschall, William M"]
[Result "1-0"]
[WhiteElo "2712"]
[BlackElo "2444"]
[PlyCount "67"]
[EventDate "2003.03.15"]
[EventType "swiss (blitz)"]
[EventRounds "9"]
[EventCountry "ESP"]
[SourceTitle "EXT 2004"]
[Source "ChessBase"]
[SourceDate "2003.11.25"]
[SourceVersion "1"]
[SourceVersionDate "2003.11.25"]
[SourceQuality "1"]

1. e4 d5 2. exd5 Nf6 3. Nf3 Nxd5 4. d4 g6 5. c4 Nb6 6. Nc3 Bg7 7. a4 Bg4 8. c5
N6d7 9. Be2 O-O 10. O-O Nc6 11. Be3 e5 12. d5 Bxf3 13. Bxf3 Nd4 14. c6 Nc5 15.
cxb7 Rb8 16. Bxd4 exd4 17. Nb5 a6 18. b4 Nxa4 19. Qxa4 axb5 20. Qxb5 Qd6 21.
Ra6 Qe5 22. g3 h5 23. h4 g5 24. hxg5 Qxg5 25. Kg2 h4 26. g4 h3+ 27. Kxh3 Be5
28. Kg2 Kg7 29. Rh1 Rh8 30. Rxh8 Rxh8 31. b8=Q Rh2+ 32. Kg1 Qh4 33. Qg8+ Kxg8
34. Qe8+ 1-0

[Event "Internet Section 15-B"]
[Site "Dos Hermanas"]
[Date "2003.03.15"]
[Round "7"]
[White "Yu, Shaoteng"]
[Black "Grischuk, Alexander"]
[Result "1-0"]
[WhiteElo "2520"]
[BlackElo "2712"]
[PlyCount "67"]
[EventDate "2003.03.15"]
[EventType "swiss (blitz)"]
[EventRounds "9"]
[EventCountry "ESP"]
[SourceTitle "EXT 2004"]
[Source "ChessBase"]
[SourceDate "2003.11.25"]
[SourceVersion "1"]
[SourceVersionDate "2003.11.25"]
[SourceQuality "1"]

1. e4 c5 2. Nf3 d6 3. d4 cxd4 4. Nxd4 Nf6 5. Nc3 a6 6. Be2 e5 7. Nb3 Be7 8. Be3
Be6 9. Nd5 Nbd7 10. Qd3 Bxd5 11. exd5 Nc5 12. Nxc5 dxc5 13. O-O-O Qd6 14. g4
O-O 15. g5 Nd7 16. h4 b5 17. Qf5 c4 18. Kb1 c3 19. h5 Rfc8 20. g6 fxg6 21. hxg6
hxg6 22. Qh3 Nf6 23. Rdg1 Kf7 24. Qg2 Nxd5 25. Bf3 Nxe3 26. fxe3 Rab8 27. Rd1
Qb6 28. Bd5+ Ke8 29. Rh8+ Bf8 30. Qh3 Rd8 31. Rxf8+ Kxf8 32. Qh8+ Ke7 33. Qxg7+
Kd6 34. Bf3+ 1-0

[Event "Internet Section 15-B"]
[Site "Dos Hermanas"]
[Date "2003.03.15"]
[Round "8"]
[White "Grischuk, Alexander"]
[Black "Sakaev, Konstantin"]
[Result "0-1"]
[WhiteElo "2712"]
[BlackElo "2645"]
[PlyCount "114"]
[EventDate "2003.03.15"]
[EventType "swiss (blitz)"]
[EventRounds "9"]
[EventCountry "ESP"]
[SourceTitle "EXT 2004"]
[Source "ChessBase"]
[SourceDate "2003.11.25"]
[SourceVersion "1"]
[SourceVersionDate "2003.11.25"]
[SourceQuality "1"]

1. e4 c5 2. Nf3 d6 3. d4 cxd4 4. Nxd4 Nf6 5. Nc3 a6 6. f3 e5 7. Nb3 Be6 8. Be3
Be7 9. Qd2 O-O 10. O-O-O Qc7 11. g4 Rc8 12. g5 Nh5 13. Kb1 Nd7 14. Rg1 Nb6 15.
f4 exf4 16. Bxf4 Nxf4 17. Qxf4 Qd8 18. Rg3 g6 19. Nd4 Rc5 20. h4 Bd7 21. Bh3
Bxh3 22. Rxh3 Rac8 23. Rf3 Qe8 24. Rdf1 Nc4 25. Nd5 Ne5 26. Rb3 b5 27. Ra3 Rc4
28. c3 Ra4 29. Rxa4 bxa4 30. h5 Rb8 31. Qg3 Nc4 32. Nc6 Bd8 33. Nxb8 Qxe4+ 34.
Ka1 Qxd5 35. Qe1 Ne5 36. Nd7 a3 37. bxa3 Bxg5 38. hxg6 hxg6 39. Nf6+ Bxf6 40.
Rxf6 Kg7 41. Rf4 Nd3 42. Qf1 Nxf4 43. Qxf4 Qe5 44. Qc4 a5 45. Kb2 g5 46. Qg4
Kg6 47. a4 f5 48. Qc4 g4 49. Qg8+ Kh5 50. Qh7+ Kg5 51. Qg8+ Kf4 52. Qh7 g3 53.
Qh4+ Kf3 54. Qh5+ Kf2 55. Qh4 f4 56. Kc2 f3 57. Kd3 Kg2 0-1

[Event "Internet Section 16-A"]
[Site "Dos Hermanas"]
[Date "2003.03.16"]
[Round "3"]
[White "Freile Martin, Javier"]
[Black "Grischuk, Alexander"]
[Result "1-0"]
[WhiteElo "2215"]
[BlackElo "2712"]
[PlyCount "139"]
[EventDate "2003.03.16"]
[EventType "swiss (blitz)"]
[EventRounds "9"]
[EventCountry "ESP"]
[SourceTitle "EXT 2004"]
[Source "ChessBase"]
[SourceDate "2003.11.25"]
[SourceVersion "1"]
[SourceVersionDate "2003.11.25"]
[SourceQuality "1"]

1. c3 d5 2. d3 e5 3. Nd2 Nf6 4. e4 c6 5. Ngf3 Bd6 6. a4 O-O 7. Be2 Re8 8. O-O
a5 9. Re1 Nbd7 10. Bf1 Qc7 11. Qc2 Nf8 12. g3 Ng6 13. Bg2 h6 14. Nf1 Be6 15.
Ne3 Rad8 16. h3 Bf8 17. Nf5 Nd7 18. Nh2 Nc5 19. Ng4 dxe4 20. dxe4 Nd3 21. Rf1
Nxc1 22. Raxc1 Bc4 23. Rfd1 Rxd1+ 24. Rxd1 Rd8 25. Rxd8 Qxd8 26. Bf1 Be6 27.
Nge3 Ne7 28. Bc4 Nxf5 29. exf5 Bxc4 30. Nxc4 Qd5 31. Ne3 Qf3 32. Qd1 Qxd1+ 33.
Nxd1 b5 34. b3 Bc5 35. Kg2 e4 36. f3 exf3+ 37. Kxf3 Kf8 38. c4 bxc4 39. bxc4
Ke7 40. Nc3 Bd4 41. Ne2 Be5 42. Ke4 Kf6 43. g4 g6 44. fxg6 fxg6 45. Nd4 c5 46.
Nb3 Bc3 47. Nxc5 h5 48. Nd3 hxg4 49. hxg4 Ke6 50. Nf4+ Kd6 51. Nxg6 Kc5 52. Kd3
Ba1 53. Ne7 Kb4 54. g5 Kxa4 55. g6 Kb4 56. Nc6+ Kc5 57. Nxa5 Kd6 58. Ke4 Bh8
59. Nb3 Ke6 60. c5 Kf6 61. c6 Ke6 62. Na5 Kd6 63. Kf5 Bg7 64. Kg5 Kc7 65. Kf5
Kd6 66. Ke4 Bf6 67. Kd3 Kc7 68. Kc4 Kd6 69. Kb5 Be5 70. Nc4+ 1-0

[Event "Internet Section 16-A"]
[Site "Dos Hermanas"]
[Date "2003.03.16"]
[Round "4"]
[White "Grischuk, Alexander"]
[Black "Ferreira, Antonio"]
[Result "1-0"]
[WhiteElo "2712"]
[BlackElo "2221"]
[PlyCount "39"]
[EventDate "2003.03.16"]
[EventType "swiss (blitz)"]
[EventRounds "9"]
[EventCountry "ESP"]
[SourceTitle "EXT 2004"]
[Source "ChessBase"]
[SourceDate "2003.11.25"]
[SourceVersion "1"]
[SourceVersionDate "2003.11.25"]
[SourceQuality "1"]

1. e4 c5 2. Nf3 d6 3. d4 cxd4 4. Nxd4 Nf6 5. Nc3 g6 6. Be3 Bg7 7. f3 O-O 8. Qd2
Nc6 9. Bc4 Bd7 10. O-O-O Rc8 11. Bb3 Nxd4 12. Bxd4 b5 13. Nd5 Nxd5 14. Bxd5 e6
15. Bb3 a5 16. Bxg7 Kxg7 17. Qxd6 a4 18. Qxd7 Qa5 19. Bxe6 a3 20. Qd4+ 1-0

[Event "Internet Section 16-A"]
[Site "Dos Hermanas"]
[Date "2003.03.16"]
[Round "7"]
[White "Maslak, Konstantin"]
[Black "Grischuk, Alexander"]
[Result "1-0"]
[WhiteElo "2405"]
[BlackElo "2712"]
[PlyCount "79"]
[EventDate "2003.03.16"]
[EventType "swiss (blitz)"]
[EventRounds "9"]
[EventCountry "ESP"]
[SourceTitle "EXT 2004"]
[Source "ChessBase"]
[SourceDate "2003.11.25"]
[SourceVersion "1"]
[SourceVersionDate "2003.11.25"]
[SourceQuality "1"]

1. e4 c5 2. Nf3 Nc6 3. d4 cxd4 4. Nxd4 Nf6 5. Nc3 e5 6. Ndb5 d6 7. Bg5 a6 8.
Na3 b5 9. Bxf6 gxf6 10. Nd5 f5 11. c3 Bg7 12. exf5 Bxf5 13. Nc2 Be6 14. Nce3
Ne7 15. g3 Nxd5 16. Nxd5 O-O 17. Bg2 a5 18. O-O f5 19. Qe2 Rb8 20. Rfd1 Kh8 21.
Rd2 e4 22. Rad1 Be5 23. f4 exf3 24. Qxf3 b4 25. Nf4 Bxa2 26. cxb4 Rxb4 27. Nd3
Qb6+ 28. Kh1 Rg4 29. Nxe5 dxe5 30. Qa3 Qh6 31. Qxa2 Rxg3 32. Qxa5 Re8 33. Rd8
Rgg8 34. Rxe8 Rxe8 35. Qb5 Re7 36. Qb8+ Kg7 37. Bd5 Qf6 38. Rg1+ Kh6 39. Qb3
Qh4 40. Qb6+ 1-0

[Event "Internet Section 17-A"]
[Site "Dos Hermanas"]
[Date "2003.03.17"]
[Round "1"]
[White "Grischuk, Alexander"]
[Black "Catta Preta, Daniel Martins"]
[Result "1-0"]
[WhiteElo "2712"]
[BlackElo "2134"]
[PlyCount "33"]
[EventDate "2003.03.17"]
[EventType "swiss (blitz)"]
[EventRounds "9"]
[EventCountry "ESP"]
[SourceTitle "EXT 2004"]
[Source "ChessBase"]
[SourceDate "2003.11.25"]
[SourceVersion "1"]
[SourceVersionDate "2003.11.25"]
[SourceQuality "1"]

1. e4 e6 2. d4 d5 3. Nc3 Nf6 4. e5 Nfd7 5. f4 c5 6. Nf3 Nc6 7. Be3 Qb6 8. Na4
Qa5+ 9. c3 Be7 10. Nxc5 Nxc5 11. dxc5 b6 12. b4 Qa3 13. Qb3 Qxb3 14. axb3 f6
15. cxb6 fxe5 16. Nxe5 Bb7 17. Bb5 1-0

[Event "Internet Section 17-A"]
[Site "Dos Hermanas"]
[Date "2003.03.17"]
[Round "2"]
[White "Green, Golan"]
[Black "Grischuk, Alexander"]
[Result "1/2-1/2"]
[WhiteElo "2205"]
[BlackElo "2712"]
[PlyCount "178"]
[EventDate "2003.03.17"]
[EventType "swiss (blitz)"]
[EventRounds "9"]
[EventCountry "ESP"]
[SourceTitle "EXT 2004"]
[Source "ChessBase"]
[SourceDate "2003.11.25"]
[SourceVersion "1"]
[SourceVersionDate "2003.11.25"]
[SourceQuality "1"]

1. c4 Nf6 2. Nc3 e5 3. Nf3 Nc6 4. g3 Bb4 5. Nd5 Bc5 6. d3 h6 7. Bg2 d6 8. O-O
O-O 9. Rb1 a5 10. a3 Nxd5 11. cxd5 Nd4 12. b4 Bb6 13. Nxd4 exd4 14. h3 Re8 15.
Qc2 Bd7 16. Bb2 Qg5 17. Rfe1 axb4 18. axb4 Bb5 19. Ra1 Rxa1 20. Bxa1 Ra8 21.
Bb2 Ba4 22. Qc1 Bb3 23. Qxg5 hxg5 24. Ra1 Rxa1+ 25. Bxa1 f5 26. Bb2 Kf7 27. Bc1
Kf6 28. Kf1 Ba4 29. Ke1 c5 30. dxc6 bxc6 31. Kd2 d5 32. Bb2 Ke6 33. e3 dxe3+
34. fxe3 g6 35. Bf3 Bc7 36. g4 Bd6 37. Bc3 Bb5 38. Bd1 Ke7 39. Bf3 Ba6 40. Be2
Bc8 41. Kc2 Be6 42. Bf3 Kd7 43. Kb2 Be7 44. Ka3 Kd6 45. Bd4 Kc7 46. Ka4 Bc8 47.
Bc5 Bd8 48. b5 cxb5+ 49. Kxb5 Bd7+ 50. Kb4 Kc6 51. Bd4 Kd6 52. Kc3 Ba5+ 53. Kc2
Ba4+ 54. Kc1 Ke6 55. Bd1 Bb5 56. Bc2 Be1 57. Kd1 Bf2 58. Ke2 Bg1 59. Kf1 Bh2
60. Kf2 Bd6 61. Kf3 Be7 62. Bc3 Bc6 63. Kf2 Bc5 64. Bb3 f4 65. d4 fxe3+ 66.
Kxe3 Bd6 67. Kf3 Bf4 68. Bc2 Kf6 69. Be1 Bb5 70. Bg3 Bc1 71. Be5+ Kf7 72. Bb3
Ke6 73. Bc2 Kf7 74. Bb3 Bc4 75. Bxc4 dxc4 76. Ke4 Bb2 77. Bg3 Ke6 78. d5+ Kd7
79. Bf2 c3 80. Kd3 Kd6 81. Be3 Kxd5 82. Bxg5 Kc5 83. h4 Kd5 84. h5 gxh5 85.
gxh5 Ke6 86. Bd2 cxd2 87. Kxd2 Kf5 88. Kc2 Kg5 89. Kxb2 Kxh5 1/2-1/2

[Event "Internet Section 17-A"]
[Site "Dos Hermanas"]
[Date "2003.03.17"]
[Round "4"]
[White "Heimsoth, Holger"]
[Black "Grischuk, Alexander"]
[Result "0-1"]
[WhiteElo "2171"]
[BlackElo "2712"]
[PlyCount "46"]
[EventDate "2003.03.17"]
[EventType "swiss (blitz)"]
[EventRounds "9"]
[EventCountry "ESP"]
[SourceTitle "EXT 2004"]
[Source "ChessBase"]
[SourceDate "2003.11.25"]
[SourceVersion "1"]
[SourceVersionDate "2003.11.25"]
[SourceQuality "1"]

1. d4 Nf6 2. Nc3 d5 3. Bg5 e6 4. e4 dxe4 5. Nxe4 Be7 6. Bxf6 gxf6 7. Nf3 a6 8.
Bd3 b5 9. Qe2 Bb7 10. c3 Nd7 11. O-O O-O 12. Rad1 Kh8 13. c4 bxc4 14. Bxc4 Nb6
15. Bb3 Rg8 16. Rfe1 Qf8 17. Ng3 Rd8 18. Bc2 Nd5 19. Be4 Bd6 20. Qc2 Qg7 21.
Qb3 Rb8 22. Qa4 f5 23. Bxd5 Bxd5 0-1

[Event "Internet Section 17-A"]
[Site "Dos Hermanas"]
[Date "2003.03.17"]
[Round "6"]
[White "Kovacevic, Aleksandar"]
[Black "Grischuk, Alexander"]
[Result "1/2-1/2"]
[WhiteElo "2545"]
[BlackElo "2712"]
[PlyCount "182"]
[EventDate "2003.03.17"]
[EventType "swiss (blitz)"]
[EventRounds "9"]
[EventCountry "ESP"]
[SourceTitle "EXT 2004"]
[Source "ChessBase"]
[SourceDate "2003.11.25"]
[SourceVersion "1"]
[SourceVersionDate "2003.11.25"]
[SourceQuality "1"]

1. e4 e5 2. Nf3 Nc6 3. Bb5 a6 4. Ba4 Nf6 5. O-O Be7 6. Re1 b5 7. Bb3 O-O 8. h3
Bb7 9. d3 d6 10. a3 Na5 11. Ba2 c5 12. Nc3 Nc6 13. Ne2 Bc8 14. Ng3 Be6 15. Bxe6
fxe6 16. c3 Qd7 17. d4 exd4 18. cxd4 cxd4 19. Nxd4 Rac8 20. Be3 Ne5 21. Qb3 Nc4
22. Rad1 Kh8 23. Bc1 Rfe8 24. Qa2 Bd8 25. b3 Ne5 26. Qe2 Ba5 27. Bd2 Bb6 28.
Be3 Qb7 29. Nf3 Bxe3 30. Qxe3 Nf7 31. Ng5 Nxg5 32. Qxg5 Qc7 33. e5 dxe5 34.
Qxe5 h6 35. Qxc7 Rxc7 36. Rd6 Rc3 37. Rexe6 Rxe6 38. Rxe6 a5 39. Ra6 Rxb3 40.
Rxa5 Rb1+ 41. Kh2 Rb2 42. Kg1 Rb1+ 43. Kh2 Rb2 44. Nf5 Rxf2 45. Rxb5 Ne4 46.
Ne3 Ra2 47. Nc4 Kh7 48. Re5 Nd2 49. Nxd2 Rxd2 50. Re3 Ra2 51. Kg3 g5 52. Kf3 h5
53. g4 Kg6 54. Re6+ Kf7 55. Re3 hxg4+ 56. hxg4 Kf6 57. Rb3 Ke5 58. Ke3 Rg2 59.
Rb5+ Kf6 60. Kf3 Ra2 61. Rb3 Ke5 62. Rb5+ Kf6 63. Ra5 Ra1 64. Rf5+ Kg6 65. Ra5
Rf1+ 66. Kg2 Ra1 67. Ra6+ Kg7 68. Kf3 Rf1+ 69. Kg3 Rg1+ 70. Kf3 Rf1+ 71. Kg2
Ra1 72. Kf2 Kh7 73. Ke3 Rg1 74. Ra4 Kg6 75. Kd3 Rg3+ 76. Kc2 Kf6 77. Kb2 Rg2+
78. Kb3 Rg3+ 79. Kb2 Rg2+ 80. Kb3 Rg3+ 81. Kc2 Ke5 82. Kd2 Rg2+ 83. Ke3 Rg3+
84. Kf2 Rb3 85. Kg2 Rb2+ 86. Kf3 Rb3+ 87. Kf2 Rb2+ 88. Kg3 Rb3+ 89. Kf2 Rb2+
90. Kf3 Rb3+ 91. Kf2 Rb2+ 1/2-1/2

[Event "Internet Section 17-A"]
[Site "Dos Hermanas"]
[Date "2003.03.17"]
[Round "7"]
[White "Grischuk, Alexander"]
[Black "Nakamura, Hikaru"]
[Result "1-0"]
[WhiteElo "2712"]
[BlackElo "2520"]
[PlyCount "135"]
[EventDate "2003.03.17"]
[EventType "swiss (blitz)"]
[EventRounds "9"]
[EventCountry "ESP"]
[SourceTitle "EXT 2004"]
[Source "ChessBase"]
[SourceDate "2003.11.25"]
[SourceVersion "1"]
[SourceVersionDate "2003.11.25"]
[SourceQuality "1"]

1. e4 c5 2. Nf3 d6 3. d4 cxd4 4. Nxd4 Nf6 5. Nc3 a6 6. f3 e6 7. Be3 Nbd7 8. g4
h6 9. Qd2 b5 10. O-O-O Bb7 11. h4 b4 12. Na4 Qa5 13. b3 Nc5 14. a3 Rc8 15. Qxb4
Qc7 16. Nxc5 dxc5 17. Qa4+ Nd7 18. Ne2 c4 19. Bf4 Qc6 20. Kb2 Qxa4 21. bxa4 Be7
22. Be3 Ne5 23. Rh3 c3+ 24. Nxc3 Bxa3+ 25. Kb3 Be7 26. Bd4 Rb8 27. Ka2 Nc6 28.
Bxg7 Rg8 29. Bxh6 Bf6 30. f4 Nb4+ 31. Kb3 Nd5 32. Nb5 axb5 33. Bxb5+ Bc6 34.
exd5 Bxb5 35. axb5 Rxb5+ 36. Kc4 Rb2 37. Bg5 exd5+ 38. Kxd5 Bxg5 39. hxg5 Rxc2
40. Re3+ Kf8 41. Ke4 Kg7 42. Kf3 Rh8 43. f5 Rh3+ 44. Kf4 Rc4+ 45. Re4 Rcc3 46.
Rd7 Rhf3+ 47. Ke5 Rf1 48. g6 Rc5+ 49. Kd6 Rd1+ 50. Kxc5 Rxd7 51. gxf7 Kxf7 52.
g5 Rd1 53. Re5 Rg1 54. f6 Kg6 55. Kd6 Ra1 56. Rd5 Kf7 57. Rc5 Kg6 58. Ke6 Ra6+
59. Ke7 Ra7+ 60. Kd6 Ra1 61. Rc7 Rd1+ 62. Ke7 Re1+ 63. Kf8 Kxg5 64. f7 Kf6 65.
Rc6+ Kf5 66. Kg7 Rg1+ 67. Kh7 Rh1+ 68. Rh6 1-0